Counties of New Jersey Without a Map - Statistics

General Stats
  • This quiz has been taken 20 times
  • The average score is 16 of 21
Answer Stats
Population County % Correct
527K Camden
94%
94K Cape May
88%
851K Essex
88%
659K Ocean
88%
146K Sussex
88%
957K Bergen
82%
705K Hudson
82%
381K Mercer
82%
863K Middlesex
82%
275K Atlantic
76%
469K Burlington
76%
514K Morris
71%
65K Salem
71%
348K Somerset
71%
572K Union
71%
111K Warren
71%
152K Cumberland
65%
308K Gloucester
65%
130K Hunterdon
65%
642K Monmouth
65%
513K Passiac
24%
No matching quizzes found
Score Distribution
Percent of People with Each Score
Percentile by Number Answered
Your Score History
You have not taken this quiz